| 000 | 01342nam a22003374a 4500 | ||
|---|---|---|---|
| 001 | ebr10021347 | ||
| 003 | CaPaEBR | ||
| 006 | m u | ||
| 007 | cr cn||||||||| | ||
| 008 | 020626s2002 enk sb 001 0 eng | ||
| 010 | _z 2002073786 | ||
| 020 | _z0521802059 | ||
| 020 | _z0521894514 (pbk.) | ||
| 040 |
_aCaPaEBR _cCaPaEBR |
||
| 035 | _a(OCoLC)52497854 | ||
| 050 | 1 | 4 |
_aBJ1249 _b.H578 2002eb |
| 082 | 0 | 4 |
_a241/.042 _221 |
| 100 | 1 | _aHollenbach, David. | |
| 245 | 1 | 4 |
_aThe common good and Christian ethics _h[electronic resource] / _cDavid Hollenbach. |
| 260 |
_aCambridge, UK ; _aNew York : _bCambridge University Press, _c2002. |
||
| 300 | _axvi, 269 p. | ||
| 490 | 1 |
_aNew studies in Christian ethics ; _v22 |
|
| 504 | _aIncludes bibliographical references (p. 245-262) and index. | ||
| 533 |
_aElectronic reproduction. _bPalo Alto, Calif. : _cebrary, _d2013. _nAvailable via World Wide Web. _nAccess may be limited to ebrary affiliated libraries. |
||
| 650 | 0 |
_aChristian ethics _xCatholic authors. |
|
| 650 | 0 |
_aCommon good _xReligious aspects _xChristianity. |
|
| 655 | 7 |
_aElectronic books. _2local |
|
| 710 | 2 | _aebrary, Inc. | |
| 830 | 0 |
_aNew studies in Christian ethics ; _v22. |
|
| 856 | 4 | 0 |
_uhttp://site.ebrary.com/lib/rucke/Doc?id=10021347 _zAn electronic book accessible through the World Wide Web; click to view |
| 999 |
_c10940 _d10940 |
||